Engineering mechanics of materials (Record no. 34651)

000 -LEADER
fixed length control field 00508nam a22002057a 4500
001 - CONTROL NUMBER
control field 34651
003 - CONTROL NUMBER IDENTIFIER
control field BD-DhUET
008 - FIXED-LENGTH DATA ELEMENTS--GENERAL INFORMATION
fixed length control field 151013b xxu||||| |||| 00| 0 eng d
020 ## - INTERNATIONAL STANDARD BOOK NUMBER
International Standard Book Number 0023857803
040 ## - CATALOGING SOURCE
Original cataloging agency DLC
Transcribing agency DLC
Modifying agency BD-DhUET
082 ## - DEWEY DECIMAL CLASSIFICATION NUMBER
Classification number 620.1102
Item number MUV/1984
100 ## - MAIN ENTRY--PERSONAL NAME
Personal name Muvdi, B. B.
245 ## - TITLE STATEMENT
Title Engineering mechanics of materials
250 ## - EDITION STATEMENT
Edition statement 2nd ed.
260 ## - PUBLICATION, DISTRIBUTION, ETC. (IMPRINT)
Place of publication, distribution, etc. London
Name of publisher, distributor, etc. Macmillan
Date of publication, distribution, etc. 1984
300 ## - PHYSICAL DESCRIPTION
Extent vi, 277p.
Other physical details ill.
650 #0 - SUBJECT ADDED ENTRY--TOPICAL TERM
Topical term or geographic name as entry element Strength of materials
700 ## - ADDED ENTRY--PERSONAL NAME
Personal name McNabb, J. W.
942 ## - ADDED ENTRY ELEMENTS (KOHA)
Koha item type General Book
Holdings
Koha item type Lost status Sublocation or collection (holding branch) Piece designation (barcode) Koha normalized classification for sorting Withdrawn status Price effective from Koha full call number Copy number Not for loan Shelving location Source of classification or shelving scheme Location (home branch) Damaged status Koha date last seen Date acquired
Reference Central Library, BUET85060620_110200000000000_MUV_1984 2015-10-13620.1102/MUV/19841 Reference section Central Library, BUET 2015-10-132015-10-13